00458 2200181 4500001002100000005001500021008004100036020001800077035001900095041000700114082000900121090001500130100001100145245004200156260002900198300001700227650003200244INLIS00000000001177920241224114238241224||||||||| | ||| |||| || |  a979-778-032-5 0010-1224011779 aen0 a1582 a1582 FAI t0 aFairah00aTOEIC PREPARATION FOR COLEEGE STUDENS aBandungbHumaniorac2006 a66hlm16x24cm 0aIlmu Filsafat dan Psikologi